000 00889nam a2200145 4500
999 _c4583
_d235087
020 _a9789873001192
080 _a349.6 M 519
245 _aMemorias de las Jornadas Capacitación Ambiental metropolitanas en el año del Bicentenario
260 _aSanta Fé
_bRubinzal- Culzoni
_c2010
300 _a240 P.
_c23 X 16 Cm.
650 _xmedio ambiente
_xderecho ambiental
_xfiscalias ambientales
_xderecho constitucional
_xderecho a la salud
_xcaso Mendoza
_xjurisprudencia
700 _aBibiloni, Homero M.
_eBrailovsky Antonio Elio
_eCatalano Mariana
_eDel Campo Cristina
_eDevia Leila
_eEsáin José
_eFerrer Silvia
_eFidalgo de Cortalezzi, María M.
_eGallegos Fedrirani, Pablo Oscar
_eGerola Graciela
_eGutiérrez Colantuono Pablo Ängel
_eLauretta Juan Ricardo
_eMalpartida Alejandro
_eMuñoz Claudio M.
_eNápoli Andrés M.
_ePetrella Alejandra
_ePierini Alicia
942 _6_
945 _acd
_d2017-08-16